| 000 | 00000nam 2200000za 4500 |
| 001 | 9.676813 |
| 003 | CaOODSP |
| 005 | 20250411094344 |
| 007 | cr ||||||||||| |
| 008 | 150407|1985||||xxc|||||o f|0| 0 eng d |
| 040 | |aCaOODSP|beng |
| 041 | |aeng |
| 041 | |afre |
| 043 | |an-cn--- |
| 086 | 1 |aYX45-1/1985-PDF |
| 110 | 1 |aCanada.|bStatutes. |
| 245 | 10|aRevised Statutes of Canada, 1985. Table of concordance / |h[electronic resource]|c[issued by] Queen's Printer for Canada. |
| 260 | |aOttawa - Ontario : |bStatutes |cc1985. |
| 300 | |a388p.|btables |
| 500 | |a"Prepared under the authority of the Statute Revision Act"--p.2 of 388. |
| 590 | |a14-22-Supp|b2014-12-24 |
| 690 | 07|aLegislation|2gcpds |
| 690 | 07|aIndexes|2gcpds |
| 690 | 07|aLaw|2gcpds |
| 776 | 0#|tLois révisées du Canada (1985), Table de concordance |w(CaOODSP)9.652960 |
| 792 | |tLois révisées du Canada (1985). Table de concordance / |efre|w(CaOODSP)9.676814 |
| 856 | 40|ahttp://publications.gc.ca|qPDF|s3.24 MB|uhttps://publications.gc.ca/collections/collection_2014/lois-statutes/YX45-1-1985.pdf |